Страны граничащие с Казахстаном - Statistics

General Stats
  • This quiz has been taken 4 391 times
  • The average score is 4 of 5
Answer Stats
Протяжённость границы Страна % Correct
7591 км Россия
100%
1783 км Китай
95%
2351 км Узбекистан
92%
426 км Туркменистан
74%
1242 км Кыргызстан
64%
No matching quizzes found
Score Distribution
Percent of People with Each Score
Percentile by Number Answered
Your Score History
You have not taken this quiz